| 000 | 004540000a22001810004500 | ||
|---|---|---|---|
| 003 | LK-CoMWRAF | ||
| 008 | 230817t ||||| |||| 00| 0 eng d | ||
| 040 |
_aLK-CoMWRAF _dLK-CoMWRAF _eLK-CoMWRAF |
||
| 041 | _aeng | ||
| 082 |
_a300 _bABU |
||
| 100 | _aAbuyoosuf | ||
| 245 |
_aMuslim pennkal ariya vendiya mukkiya vishayankal _b |
||
| 260 |
_aChennai _bSalamath pathipakam _c1984 |
||
| 300 | _ap.184 | ||
| 650 | _aTamil | ||
| 650 | _aWomen | ||
| 942 | _cBK | ||
| 999 |
_c2655 _d2655 |
||